000 00825nas a2200265Ia 4500
001 A06/R061-16105 [r000014418]
003 IT-MiCISF
008 161014c99999999xx |||||||||||| ||und||
040 _aIT-MiCISF
_cIT-MiCISF
041 _aITALIANO
100 _aVecchiato Tiziano
210 _aAnime e corpi
222 _aAnime e corpi
245 0 _aReinventare la relazione con il mondo politico e legislativo
250 _a1a ed.
260 _c1995
501 _bCISF - Centro Internazionale Studi Famiglia - Via Giotto, 36 20145 MILANO (non commercial uses only)
_cCopyright 2016
300 _app. 203-220
362 _an. 178, marzo-aprile [1995]
500 _a Tema: volontariato, politica, società
650 _avolontariato
_varticolo
700 _aAA.VV.
942 _cCR
957 _71
999 _a16105
_bSi
_g1
_c230641
_d230641